The deadly dungeon / (Record no. 599)

MARC details
000 -LEADER
fixed length control field 01075pam a2200325 a 4500
005 - DATE AND TIME OF LATEST TRANSACTION
control field 20250206144214.0
020 ## - INTERNATIONAL STANDARD BOOK NUMBER
International Standard Book Number 0679887555 (trade)
020 ## - INTERNATIONAL STANDARD BOOK NUMBER
International Standard Book Number 067998755X (glb)
020 ## - INTERNATIONAL STANDARD BOOK NUMBER
International Standard Book Number 9780590819220
040 ## - CATALOGING SOURCE
Original cataloging agency DLC
Transcribing agency DLC
Modifying agency DLC
Language of cataloging eng
050 00 - LIBRARY OF CONGRESS CALL NUMBER
Classification number PZ7.R8139
Item number De 1998
082 00 - DEWEY DECIMAL CLASSIFICATION NUMBER
Classification number [Fic]
Edition number 21
100 1# - MAIN ENTRY--PERSONAL NAME
Personal name Roy, Ron,
Dates associated with a name 1940-
245 14 - TITLE STATEMENT
Title The deadly dungeon /
Statement of responsibility, etc. by Ron Roy ; illustrated by John Steven Gurney.
250 ## - EDITION STATEMENT
Edition statement First Scholastic printing, January 1999
260 ## - PUBLICATION, DISTRIBUTION, ETC.
Place of publication, distribution, etc. New York :
Name of publisher, distributor, etc. Scholastic,
Date of publication, distribution, etc. 1998.
300 ## - PHYSICAL DESCRIPTION
Extent 86 pages :
Other physical details illustrations ;
Dimensions 20 cm
490 1# - SERIES STATEMENT
Series statement A to Z mysteries
500 ## - GENERAL NOTE
General note "A Stepping Stone book."
505 ## - FORMATTED CONTENTS NOTE
Formatted contents note K
520 ## - SUMMARY, ETC.
Summary, etc. While visiting Wallis's castle, Dink and his friends investigate strange noises that lead them to a dangerous secret.
521 0# - TARGET AUDIENCE NOTE
Target audience note 610 <br/>
Source Lexile
521 0# - TARGET AUDIENCE NOTE
Target audience note K <br/>
Source Raz-Plus
650 #1 - SUBJECT ADDED ENTRY--TOPICAL TERM
Topical term or geographic name entry element Castles
Form subdivision Fiction.
650 #1 - SUBJECT ADDED ENTRY--TOPICAL TERM
Topical term or geographic name entry element Mystery and detective stories.
700 1# - ADDED ENTRY--PERSONAL NAME
Personal name Gurney, John Steven,
Dates associated with a name 1962-
Relator term illustrator
906 ## - LOCAL DATA ELEMENT F, LDF (RLIN)
a 7
b cbc
c orignew
d 1
e ocip
f 19
g y-gencatlg
942 ## - ADDED ENTRY ELEMENTS (KOHA)
Source of classification or shelving scheme Dewey Decimal Classification
Koha item type Books
Suppress in OPAC No
999 ## -
-- 599
-- 599
Holdings
Withdrawn status Lost status Source of classification or shelving scheme Damaged status Not for loan Collection Home library Current library Shelving location Date acquired Total Checkouts Full call number Barcode Date last seen Date last checked out Copy number Price effective from Koha item type
    Dewey Decimal Classification     Juvenile Fiction Footprints International School Library Network Toul Kork Campus Footprints International School Library Network Toul Kork Campus TK Primary Library Room(4th Floor), Bookcase 3&4, Shelves 17-32, Yellow Books 06/26/2023 1 ROY Fic PZ7.R8139 FISTK04705 11/21/2023 09/07/2023 1 06/26/2023 Books
    Dewey Decimal Classification     Juvenile Fiction Footprints International School Library Network Toul Kork Campus Footprints International School Library Network Toul Kork Campus TK Primary Library Room(4th Floor), Bookcase 3&4, Shelves 17-32, Yellow Books 06/26/2023 2 ROY Fic PZ7.R8139 FISTK05343 12/19/2025 10/17/2025 2 06/26/2023 Books
    Dewey Decimal Classification     Juvenile Fiction Footprints International School Library Network Toul Kork Campus Footprints International School Library Network Toul Kork Campus TTP Primary Yellow Bookshelves 02/06/2025   ROY Fic PZ7.R8139 2025-0423 02/06/2025   3 02/06/2025 Books